| 000 -LEADER |
| fixed length control field |
00731nam a22002177a 4500 |
| 003 - CONTROL NUMBER IDENTIFIER |
| control field |
OkBaRHE |
| 005 - DATE AND TIME OF LATEST TRANSACTION |
| control field |
20110325153035.0 |
| 008 - FIXED-LENGTH DATA ELEMENTS--GENERAL INFORMATION |
| fixed length control field |
110325t xxu||||| |||| 00| 0 eng d |
| 020 ## - INTERNATIONAL STANDARD BOOK NUMBER |
| International Standard Book Number |
0801007976 |
| 040 ## - CATALOGING SOURCE |
| Transcribing agency |
|
| 050 ## - LIBRARY OF CONGRESS CALL NUMBER |
| Classification number |
BS 2333 |
| Item number |
.B47 |
| 100 ## - MAIN ENTRY--PERSONAL NAME |
| Personal name |
Bernard J.H. |
| 9 (RLIN) |
885 |
| 245 ## - TITLE STATEMENT |
| Title |
The Pastoral Epistles |
| 260 ## - PUBLICATION, DISTRIBUTION, ETC. (IMPRINT) |
| Place of publication, distribution, etc |
Ann Arbor, MI |
| Name of publisher, distributor, etc |
Baker Book House Company |
| -- |
Cambridge University Press |
| Date of publication, distribution, etc |
1980 (reprint) |
| -- |
1899 (fist published) |
| 300 ## - PHYSICAL DESCRIPTION |
| Extent |
192 p |
| Dimensions |
22 cm |
| 440 ## - SERIES STATEMENT/ADDED ENTRY--TITLE |
| Title |
Thornapple Commentaries |
| 9 (RLIN) |
886 |
| 500 ## - GENERAL NOTE |
| General note |
includes index |
| 650 ## - SUBJECT ADDED ENTRY--TOPICAL TERM |
| Topical term or geographic name as entry element |
Bible. N.T. Pastoral epistles |
| General subdivision |
Commentaries. |
| 9 (RLIN) |
887 |
| 942 ## - ADDED ENTRY ELEMENTS (KOHA) |
| Source of classification or shelving scheme |
|
| Koha item type |
Books |